| 000 | 00594nam a2200253Ia 4500 | ||
|---|---|---|---|
| 008 | 210210b1957 xxu||||| |||| 00| 0 eng d | ||
| 041 | _aeng | ||
| 082 | _a320/154 | ||
| 100 | _aDJILAS (Milovan) | ||
| 245 | _aNew class: an analysis of the communist system | ||
| 260 |
_aNew York _bFrederick A. Praeger, publishers., _c1957 |
||
| 300 | _avii,214 | ||
| 650 | _athe | ||
| 650 | _asystem | ||
| 650 | _aof | ||
| 650 | _aNew | ||
| 650 | _acommunist | ||
| 650 | _aclass: | ||
| 650 | _aclass | ||
| 650 | _aanalysis | ||
| 650 | _aan | ||
| 690 | _aPolitical Science | ||
| 906 | _a001904 | ||
| 999 |
_c117740 _d117740 |
||